header

Real world SharePoint 2010 (Record no. 232289)

MARC details
000 -LEADER
fixed length control field 01526nam a2200385 a 4500
245 00 - TITLE STATEMENT
Title Real world SharePoint 2010
250 ## - EDITION STATEMENT
Edition statement 1st ed.
260 ## - PUBLICATION, DISTRIBUTION, ETC. (IMPRINT)
Place of publication Indianapolis, Ind. :
Name of publisher Wiley Pub., Inc,
Year of publication 2011.
300 ## - PHYSICAL DESCRIPTION
Number of Pages xxxiv, 782 p. :
Other physical details ill.
490 0# - SERIES STATEMENT
Series statement Wrox Programmer to programmer
500 ## - GENERAL NOTE
General note Includes index.
650 #0 - SUBJECT ADDED ENTRY--TOPICAL TERM
Topical Term Intranets (Computer networks)
700 1# - ADDED ENTRY--PERSONAL NAME
Personal name Hillier, Scott.
Personal name Alirezaei, Reza.
Personal name Shah, Arpan.
856 40 - ELECTRONIC LOCATION AND ACCESS
Uniform Resource Identifier http://site.ebrary.com/lib/rucke/Doc?id=10494543

No items available.

© 2026 Rongo University
Contact us: librarian | system librarian | Rongo university